000
00314nam a22001457a 4500
020
_a
0-86278-976-1
082
_a
823
_b
BUR/D
100
_a
BURLINGTON, MARIE
245
_a
DEAR ME
260
_a
DUBLIN
_b
O'BRIEN PRESS LTD
_c
2006
300
_a
96
520
_a
ENGLISH NOVEL
650
_a
ENGLISH NOVEL
942
_c
BK
999
_c
5753
_d
5753